000 00660nam a2200277Ia 4500
005 20260324122220.0
008 008 260324s9999 xx 000 0 eng d
020 _a9781315216652
037 _aEBOOK
040 _aCRL
040 _beng
040 _cCRL
041 _2eng
041 _aeng
084 _qCRL
100 _aH. Lee Willis; Randall R. Schrieber
_91165579
245 0 _aAging Power Delivery Infrastructures
260 _bTaylor and Francis
260 _c2013
365 _a
365 _b560
856 _uhttp://www.taylorfrancis.com/books/9781315216652
942 _cEBOOK
999 _c1758144
_d1758144